Estadísticas para A-Z Gastronomía de España

Haz click aquí para intentar la prueba.

Estadísticas generales

  • Esta prueba ha sido intentada 535 veces
  • La puntuación promedio es 15 de 26

Estadísticas de respuestas

LetraPistaRespuesta% Correcto
GSopa fría de verduras propia de AndalucíaGazpacho
92%
CGuiso madrileño por excelenciaCocido
89%
FEl plato estrella de AsturiasFabada
86%
ASalsa que consiste en la emulsión de aceite con ajoAjoaceite/Allioli
84%
HRefrescante bebida valencianaHorchata
84%
DDO vitivinícola de Castilla y León. Ribera del...Duero
82%
BEste embutido catalán puede ser blanco, negro o rosadoButifarra
78%
NEn esta parte de España comen "huevos carlistas"Navarra
77%
UGracias a Vinalopó podemos consumir esta fruta en diciembreUva
77%
SPostre almendrado gallego que lleva una cruz. Tarta de...Santiago
76%
MSalsa canaria que complementa las "papas arrugás"Mojo
69%
JGuijuelo produce el 60% de este emblemático productoJamón
67%
RRegión vitivinícola de Denominación de Origen CualificadaRioja
57%
LTipo de carne curada, que en Galicia se consume "con grelos"Lacón
55%
OBebida espirituosa del norte de EspañaOrujo
54%
ZMolusco similar a la vieira, de tamaño inferiorZamburiña
52%
QPostre típico de los Valles Pasiegos en CantabriaQuesada
45%
ELa capital de los mantecados y polvoronesEstepa
39%
IQueso típico de Euskadi y NavarraIdiazábal
39%
PPlato manghego compuesto de hortalizas fritas.Pisto
38%
VCiudad catalana famosa por su salchichón o "llangonissa"Vic
35%
ÑPimiento redondo muy usado en el arco mediterráneoÑora
29%
TNombre que recibe el cordero joven en AragónTernasco
23%
YUna de las empresas elaboradoras de vermut más antiguasYzaguirre
15%
KPlato donostiarra. Merluza a la...Koxkera
14%
XMarca más conocida de ginebra menorquinaXoriguer
9%

Distribución de puntuación

Porcentaje por número respondido

Porcentaje de gente con cada puntuación

Historial de tus puntuaciones

No has intentado esta prueba.